• 首页
  • 本馆介绍
  • 公告通知
  • 最新文献
  • 馆藏检索
  • 电子资源
  • 读者导购
  • 参考咨询
  • 我的图书馆
  • 登录
  • 详细信息显示
  • 放入我的书架
  • 预约/预借图书
  • 作者相关作品
  • 分类相关作品
  • 丛书相关作品
  • 出版社相关作品

书目信息

  • 表格格式
  • 工作单格式
  • 卡片格式
题名:
婴幼儿智力教育
    
 
作者: 李丽惠 编
分册:  
出版信息: 合肥   安徽科学技术出版社  1983
页数: 157页
开本: 19cm
丛书名: 育儿指南丛书
单 册:
中图分类: G610 , G61
科图分类:
主题词: 婴幼儿-智力开发 , 智力开发-婴幼儿
电子资源:
ISBN:
000 00682oam2 2200265 450
001 1553468487
005 20150128145133.65
010    @dCNY0.45
091    @a14200.44
100    @a19950628d1983 em y0chiy0110 ea
101 0  @achi
102    @aCN@b340000
105    @ay z 000yy
200 1  @a婴幼儿智力教育@9ying you er zhi li jiao yu@f李丽惠编
210    @a合肥@c安徽科学技术出版社@d1983
215    @a157页@d19cm
225 2  @a育儿指南丛书
461  0 @12001 @a育儿指南丛书
606 0  @a婴幼儿-智力开发
606 0  @a智力开发-婴幼儿
690    @aG610@v5
690    @aG61@v4
701  0 @a李丽惠@9li li hui@4编
801  0 @aCN@bTSSF@c20150128
905    @aZUCC@dG61@eJY5
    
    婴幼儿智力教育/李丽惠编.-合肥:安徽科学技术出版社,1983
    157页;19cm.-(育儿指南丛书)
    
    
    ISBN :CNY0.45
    
●
相关链接 在E读中查询图书 在五车中查询图书 在当当中查询图书 在豆瓣中查询图书


正题名:婴幼儿智力教育     索取号:G61/JY5         预约/预借

序号 登录号 条形码 馆藏地/架位号 状态 备注
1 7837414   278374144   学院路分馆/ [索取号:G61/JY5] 在馆    
唐山师范学院图书馆 欢迎您!
大连网信软件有限公司© 版权所有